|
|
|
|
| LEADER |
01244cam a2200277 7i4500 |
| 001 |
0000056437 |
| 005 |
20201210090000.0 |
| 020 |
|
|
|a 9780511064036 (electronic book)
|
| 090 |
0 |
0 |
|a R853.S7
|b B38 2002
|
| 100 |
1 |
|
|a Bausell, R. Barker
|
| 245 |
1 |
0 |
|a Power analysis for experimental research :
|b a practical guide for the biological, medical and social sciences
|c R. Barker Bausell, Yu-Fang Li.
|
| 264 |
|
1 |
|a Cambridge:
|b Cambridge University Press,
|c 2002.
|
| 300 |
|
|
|a 1 online rersource (363 pages):
|b illustrations, text file, PDF.
|
| 336 |
|
|
|a text
|2 rdacontent
|
| 337 |
|
|
|a computer
|2 rdamedia
|
| 338 |
|
|
|a online resource
|2 rdacarrier
|
| 650 |
|
0 |
|a Statistical power analysis
|
| 650 |
|
0 |
|a Medicine --
|x Research --
|x Statistical methods
|
| 655 |
|
0 |
|a Electronic books
|
| 700 |
1 |
|
|a Li, Yu-Fang
|
| 856 |
4 |
2 |
|u http://library.unisel.edu.my/equip-unisel/custom/ebook_catalog/ebook/PowerAnalysisforExperimentalResearchAPracticalGuidefortheBiologicalMedicalandSocialSciences.pdf
|
| 997 |
|
|
|a Health Sciences, Faculty
|
| 997 |
|
|
|a Engineering & Life Sciences, Faculty
|b Science & Biotechnology, Department
|
| 998 |
|
|
|a Biomedical Science, Degree
|
| 998 |
|
|
|a Biotechnology, Degree
|
| 999 |
|
|
|a EBO0002606
|b EBOOK
|c EBOOK
|e Electronic resources
|